Top Countries by Category #1 - Statistics

General Stats
  • This quiz has been taken 138 times
  • The average score is 10 of 15
Answer Stats
Top Country % Correct
Population China
95%
Spanish speakers Mexico
94%
African northernmost Tunisia
91%
Land area Russia
90%
Coldest Canada
82%
Number of volcanoes Indonesia
76%
FIFA Wold Cup winner Brazil
75%
Winter olympic medals Norway
71%
Olive producing Spain
67%
Number of protestants United States
66%
Average elevation Bhutan
49%
Most time zones France
45%
Murder rates Honduras
45%
Highest tax Denmark
26%
Arms importing India
25%
No matching quizzes found
Score Distribution
Percent of People with Each Score
Percentile by Number Answered
Your Score History
You have not taken this quiz